| 000 | 01175nam a2200241 i 4500 | ||
|---|---|---|---|
| 001 | 164429 | ||
| 003 | ES-MaACL | ||
| 005 | 20250827063228.0 | ||
| 008 | 000317s1864 sp |||| | spa d | ||
| 080 | _a78 | ||
| 100 | 1 |
_aSaldoni, Baltasar, _d1807-1889 _9132330 |
|
| 245 | 1 | 0 |
_aCuatro palabras sobre un folleto escrito por el maestro compositor Sr. D. Francisco Asenjo Barbier / _cpor Baltasar Saldoni. |
| 260 |
_aMadrid : _b[s.n.], _c1864 ( _fImp. a cargo de Antonio Pérez Dubrull) |
||
| 300 |
_a32 p. ; _c22 cm. |
||
| 530 | _aDisponible en formato digital. | ||
| 594 | _aRéplica a Francisco Asenjo Barbieri sobre su contestación al "Proyecto-memoria... para la creación de una academia de música" de Rafael Hernando. | ||
| 650 | 7 |
_aConservatorios de música- _zEspaña- _zS.XIX _2 _9176151 |
|
| 650 | 4 |
_aMúsica- _xEstudio y enseñanza- _zEspaña- _yS.XIX. _9176152 |
|
| 700 | 1 |
_aBarbieri, Francisco A., _d1823-1894 _925463 |
|
| 852 | 4 |
_aES-MaACL _jT-73-F-4 _z- Enc. hol., falto de la enc. original _z- Enc. en un vol. facticio |
|
| 856 | 4 |
_uhttp://bdh-rd.bne.es/viewer.vm?id=0000077848&page=1 _zBiblioteca Digital Hispánica |
|
| 999 |
_c164429 _d164429 |
||